| 000 | 00811nam a22002297a 4500 | ||
|---|---|---|---|
| 001 | 2162214035923836 | ||
| 003 | UA-OsUOA | ||
| 005 | 20230628155406.0 | ||
| 008 | 230628b un ||||| |||| 00| 0 ukr d | ||
| 040 |
_aUA-OsUOA _bukr _cUA-OsUOA _dUA-OsUOA |
||
| 041 | _aukr | ||
| 080 | _a282(477) | ||
| 082 | _2 | ||
| 090 |
_a282(477) _bН16 |
||
| 100 | _aНагаєвський І. | ||
| 245 |
_aКатолицька церква в минулому і сучасному України _cІсидор Нагаєвський |
||
| 260 |
_aФіладельфія _c1950 |
||
| 300 | _a88 с. | ||
| 650 |
_2UDC _a282 Римо-католицька церква |
||
| 942 |
_2udc _cBK |
||
| 999 |
_c574504 _d574504 |
||